| 000 | 01183nam a22004097a 4500 | ||
|---|---|---|---|
| 001 | 0001926 | ||
| 003 | KOHA_MİRAKIL | ||
| 005 | 20260207001255.0 | ||
| 007 | ta | ||
| 008 | 090219b2004 tu |||gr||||#||||0|tur | | ||
| 020 | _a9755916644 | ||
| 040 |
_aTR-BiSEU _btur _cTR-BiSEU _erda |
||
| 041 | 0 | _atur | |
| 044 | _ctu | ||
| 050 |
_aT45 _b.S46 2004 |
||
| 100 | 1 | _aŞengirgin, Mesut. | |
| 245 | 1 |
_aMeslek yüksekokulu programları için teknolojinin bilimsel ilkeleri/ _cMesut Şengirgin ; Mesut Şengirgin, Kadir Çavdar. |
|
| 250 | _aGöz. geç. 2. bs. | ||
| 264 | 1 |
_aAnkara : _bNobel Yayın Dağıtım _c2004 |
|
| 300 | _a231 ,[2] sayfa: resimli | ||
| 336 |
_ametin _btxt _2rdacontent |
||
| 337 |
_aaracısız _bn _2rdamedia |
||
| 338 |
_acilt _bnc _2rdacarrier |
||
| 490 | 1 |
_aNobel yayın ; _vno. |
|
| 490 | 1 | _a680. | |
| 490 | 1 |
_aTeknik yayınları ; _vdizi no. |
|
| 490 | 1 | _a46 | |
| 500 | _aKaynakça var. | ||
| 650 | 0 |
_aStatik. _91554 |
|
| 650 | 0 |
_aEnerji. _95545 |
|
| 650 | 0 |
_aDinamik. _91574 |
|
| 830 | 1 |
_aNobel yayın ; _vno. _91510 |
|
| 830 | 1 |
_a680. _95546 |
|
| 830 | 1 |
_aTeknik yayınları ; _vdizi no. _95547 |
|
| 830 | 1 |
_a46 _95548 |
|
| 942 |
_2lcc _cBK |
||
| 999 |
_c1913 _d1913 |
||